[Event "6. Torneo Distrito Chamartin 2017"]
[Site "Madrid ESP"]
[Date "2017.09.05"]
[Round "2.2"]
[White "Elissalt Cardenas, Hector"]
[Black "Cabañas Bravo, Juan Andres"]
[Result "1/2-1/2"]
[WhiteElo "2360"]
[BlackElo "2009"]
[PlyCount "52"]
[EventDate "2017.09.04"]
[EventType "swiss"]
[EventRounds "9"]
[EventCountry "ESP"]
[SourceTitle "Ajedrez en Madrid"]
[Source "lmi"]
[SourceDate "2017.09.04"]
[SourceVersion "1"]
[SourceVersionDate "2018.03.05"]
[SourceQuality "1"]

1. d4 Nf6 2. c4 g6 3. Nc3 d5 4. cxd5 Nxd5 5. Bd2 Bg7 6. e4 Nb6 7. Be3 O-O 8. f4
Nc6 9. d5 Na5 10. Bd4 Bg4 11. Be2 Bxe2 12. Ngxe2 Nac4 13. b3 Nd6 14. Bxg7 Kxg7
15. Qd4+ Kg8 16. h4 Rc8 17. h5 c5 18. Qe3 Qe8 19. g4 e6 20. hxg6 fxg6 21. Qh3
Rf7 22. e5 exd5 23. exd6 d4 24. O-O-O dxc3 25. Nxc3 Qe6 26. Rhf1 Rcf8 1/2-1/2

[Event "6. Torneo Distrito Chamartin 2017"]
[Site "Madrid ESP"]
[Date "2017.09.05"]
[Round "2.3"]
[White "Mkrtchyan, Levon"]
[Black "Moreno Ibañez, Miguel"]
[Result "0-1"]
[WhiteElo "1964"]
[BlackElo "2289"]
[PlyCount "120"]
[EventDate "2017.09.04"]
[EventType "swiss"]
[EventRounds "9"]
[EventCountry "ESP"]
[SourceTitle "Ajedrez en Madrid"]
[Source "lmi"]
[SourceDate "2017.09.04"]
[SourceVersion "1"]
[SourceVersionDate "2018.03.05"]
[SourceQuality "1"]

1. e4 g6 2. d4 Bg7 3. g3 c5 4. Ne2 cxd4 5. Nxd4 d5 6. Bb5+ Nd7 7. exd5 Ngf6 8.
d6 O-O 9. O-O exd6 10. Nc3 Ne5 11. Nf3 Bg4 12. Be2 Re8 13. Nxe5 Bxe2 14. Qxe2
Rxe5 15. Qf3 Qb6 16. Bf4 Re6 17. Rab1 Rae8 18. Rfd1 h6 19. h4 h5 20. Kg2 Ng4
21. Nd5 Qc6 22. Rd2 Re4 23. c3 R8e6 24. Rbd1 a5 25. a3 Kh7 26. Ne3 Be5 27. Bg5
f6 28. Nd5 Rc4 29. Bf4 a4 30. Be3 f5 31. Nf4 Nxe3+ 32. fxe3 Bxf4 33. exf4 Rce4
34. Rf2 Re3 35. Qd5 Kg7 36. Rd4 R3e4 37. Qxc6 bxc6 38. Rfd2 d5 39. Kf2 Kf6 40.
Rxe4 Rxe4 41. Rd3 Ke6 42. Rd2 Kd6 43. b3 Kc5 44. Rb2 axb3 45. Rxb3 Kc4 46. Rb6
Re6 47. a4 Kc5 48. a5 Re7 49. Rb8 Kc4 50. a6 Ra7 51. Rg8 Rxa6 52. Rxg6 Kxc3 53.
g4 hxg4 54. h5 Kd4 55. h6 Ra8 56. Rxc6 Ke4 57. Rd6 Kxf4 58. Rxd5 g3+ 59. Kg1
Ra1+ 60. Kg2 Ra2+ 0-1

[Event "6. Torneo Distrito Chamartin 2017"]
[Site "Madrid ESP"]
[Date "2017.09.05"]
[Round "2.4"]
[White "Solaesa Navalpotro, Luis Julio"]
[Black "Lozano Freras, Sergio"]
[Result "1/2-1/2"]
[WhiteElo "2272"]
[BlackElo "1969"]
[PlyCount "68"]
[EventDate "2017.09.04"]
[EventType "swiss"]
[EventRounds "9"]
[EventCountry "ESP"]
[SourceTitle "Ajedrez en Madrid"]
[Source "lmi"]
[SourceDate "2017.09.04"]
[SourceVersion "1"]
[SourceVersionDate "2018.03.05"]
[SourceQuality "1"]

1. d4 c5 2. d5 Nf6 3. c4 b5 4. cxb5 a6 5. bxa6 g6 6. Nc3 Bg7 7. e4 O-O 8. Nf3
Qa5 9. Bd3 Nxd5 10. exd5 Bxc3+ 11. Nd2 Bxa6 12. Bxa6 Bxd2+ 13. Bxd2 Qxa6 14.
Bc3 Qc4 15. a3 Ra6 16. Qf3 Ra4 17. O-O-O Na6 18. Rhe1 Nb4 19. Rxe7 Na2+ 20. Kc2
Nxc3 21. Qxc3 Qh4 22. Qe3 d6 23. h3 Qc4+ 24. Kb1 Qb5 25. Qc3 Rc4 26. Qf3 Ra4
27. Qc3 Rc4 28. Qf3 Ra4 29. Rd3 Rd4 30. Ree3 Rb8 31. Rb3 Qf1+ 32. Ka2 Rxb3 33.
Rxb3 Qc4 34. Kb1 Rxd5 1/2-1/2

[Event "6. Torneo Distrito Chamartin 2017"]
[Site "Madrid ESP"]
[Date "2017.09.05"]
[Round "2.5"]
[White "Porras Fernandez, Alberto"]
[Black "Quispe Arteaga, Gabriel"]
[Result "0-1"]
[WhiteElo "1959"]
[BlackElo "2197"]
[PlyCount "71"]
[EventDate "2017.09.04"]
[EventType "swiss"]
[EventRounds "9"]
[EventCountry "ESP"]
[SourceTitle "Ajedrez en Madrid"]
[Source "lmi"]
[SourceDate "2017.09.04"]
[SourceVersion "1"]
[SourceVersionDate "2018.03.05"]
[SourceQuality "1"]

1. e4 c5 2. Nf3 Nc6 3. d4 cxd4 4. Nxd4 g6 5. Nc3 Bg7 6. Be3 Nf6 7. f3 O-O 8.
Bc4 d6 9. Qd2 Bd7 10. Bb3 Na5 11. Bh6 Rc8 12. Bxg7 Kxg7 13. Qd3 a6 14. g4 b5
15. h4 e5 16. Nde2 b4 17. Nd5 Bb5 18. Qd2 Nxb3 19. axb3 Nxd5 20. exd5 Qf6 21.
Rh3 h5 22. O-O-O a5 23. Ng3 Qf4 24. Qxf4 exf4 25. Ne4 hxg4 26. fxg4 Be2 27. Rg1
Rce8 28. Nxd6 Re5 29. Rh2 f3 30. c4 bxc3 31. bxc3 Rd8 32. Nc4 Rexd5 33. Kc2 a4
34. Ne3 Rd2+ 35. Kc1 axb3 36. Nc4 0-1

[Event "6. Torneo Distrito Chamartin 2017"]
[Site "Madrid ESP"]
[Date "2017.09.05"]
[Round "2.6"]
[White "Ruiz Bellon, Manuel"]
[Black "Rottenwohrer Suarez, Juan"]
[Result "0-1"]
[WhiteElo "1916"]
[BlackElo "2180"]
[PlyCount "68"]
[EventDate "2017.09.04"]
[EventType "swiss"]
[EventRounds "9"]
[EventCountry "ESP"]
[SourceTitle "Ajedrez en Madrid"]
[Source "lmi"]
[SourceDate "2017.09.04"]
[SourceVersion "1"]
[SourceVersionDate "2018.03.05"]
[SourceQuality "1"]

1. Nf3 Nf6 2. g3 g6 3. Bg2 Bg7 4. d4 O-O 5. a4 d6 6. a5 a6 7. O-O Nc6 8. d5 Nb8
9. c4 e5 10. Nc3 Nbd7 11. Qc2 h6 12. b4 Nh5 13. e4 f5 14. Nh4 Qf6 15. exf5 gxf5
16. Bh3 e4 17. Qe2 Qxc3 18. Ra3 Qf6 19. Qxh5 Ne5 20. Bb2 Qg5 21. Qe2 Bd7 22. f4
exf3 23. Nxf3 Qh5 24. Bxe5 dxe5 25. Qg2 Rae8 26. Nh4 e4 27. Ra2 Re7 28. Qe2 Qg5
29. Ng2 Ref7 30. Nf4 Be5 31. Bg2 Re7 32. Kh1 Rh7 33. Nd3 Bd4 34. Nc5 Bc8 0-1

[Event "6. Torneo Distrito Chamartin 2017"]
[Site "Madrid ESP"]
[Date "2017.09.05"]
[Round "2.7"]
[White "Martinez Fernandez, Raul"]
[Black "Anton Quevedo, Andrea"]
[Result "1-0"]
[WhiteElo "2180"]
[BlackElo "1954"]
[PlyCount "57"]
[EventDate "2017.09.04"]
[EventType "swiss"]
[EventRounds "9"]
[EventCountry "ESP"]
[SourceTitle "Ajedrez en Madrid"]
[Source "lmi"]
[SourceDate "2017.09.04"]
[SourceVersion "1"]
[SourceVersionDate "2018.03.05"]
[SourceQuality "1"]

1. e4 c5 2. Nf3 e6 3. c3 Nc6 4. d4 cxd4 5. cxd4 d5 6. e5 Nge7 7. Bd3 Qb6 8. Nc3
Bd7 9. Bb1 Ng6 10. O-O Be7 11. b3 O-O 12. h4 Bb4 13. Ne2 Rfc8 14. h5 Nf8 15. a3
Be7 16. h6 g6 17. Bg5 Bxg5 18. Nxg5 Na5 19. Bd3 Qd8 20. Nf3 Qb6 21. Rb1 Bb5 22.
Nh2 Bxd3 23. Qxd3 Qd8 24. Ng4 Nd7 25. Qb5 Rc6 26. Rfc1 Rac8 27. Rxc6 Rxc6 28.
b4 a6 29. Qxa5 1-0

[Event "6. Torneo Distrito Chamartin 2017"]
[Site "Madrid ESP"]
[Date "2017.09.05"]
[Round "2.8"]
[White "Sanchez Jerez, Emilio Miguel"]
[Black "Zhou, Lulu"]
[Result "1-0"]
[WhiteElo "2140"]
[BlackElo "1928"]
[PlyCount "57"]
[EventDate "2017.09.04"]
[EventType "swiss"]
[EventRounds "9"]
[EventCountry "ESP"]
[SourceTitle "Ajedrez en Madrid"]
[Source "lmi"]
[SourceDate "2017.09.04"]
[SourceVersion "1"]
[SourceVersionDate "2018.03.05"]
[SourceQuality "1"]

1. g3 e5 2. Bg2 g6 3. Nc3 Bg7 4. e4 d6 5. Nf3 Nc6 6. O-O Nge7 7. Nd5 f5 8. Nxe7
Qxe7 9. d3 Bd7 10. c3 fxe4 11. dxe4 Bf6 12. b4 g5 13. Nxg5 O-O-O 14. Nf3 h5 15.
h4 Bg4 16. Qd3 Bxf3 17. Qxf3 Rdf8 18. Qe2 Rh7 19. Kh2 Rg8 20. Bh3+ Kb8 21. Be3
Qf7 22. a4 Nd8 23. a5 Qe7 24. b5 Rhg7 25. Rg1 Ne6 26. b6 c5 27. a6 Nd8 28. axb7
Nxb7 29. Rxa7 1-0

[Event "6. Torneo Distrito Chamartin 2017"]
[Site "Madrid ESP"]
[Date "2017.09.05"]
[Round "2.9"]
[White "Perez Gonzalez, Daniel"]
[Black "Alfaya Marcelo, Roberto"]
[Result "1/2-1/2"]
[WhiteElo "1894"]
[BlackElo "2126"]
[PlyCount "120"]
[EventDate "2017.09.04"]
[EventType "swiss"]
[EventRounds "9"]
[EventCountry "ESP"]
[SourceTitle "Ajedrez en Madrid"]
[Source "lmi"]
[SourceDate "2017.09.04"]
[SourceVersion "1"]
[SourceVersionDate "2018.03.05"]
[SourceQuality "1"]

1. e4 c5 2. b3 Nc6 3. Bb2 e5 4. Bc4 d6 5. d3 g6 6. f4 Bg7 7. Bb5 Nge7 8. fxe5
O-O 9. Bxc6 Nxc6 10. Nf3 Bg4 11. Nbd2 Nxe5 12. Bxe5 Bxe5 13. Rc1 d5 14. O-O Bg7
15. h3 Be6 16. Re1 dxe4 17. Nxe4 b6 18. Qd2 Bd5 19. Qf4 f5 20. Ned2 Qf6 21. Nc4
Rfe8 22. a4 h6 23. Nd6 Red8 24. Nc4 Kh7 25. Ne3 Bg8 26. g4 fxg4 27. Qxf6 Bxf6
28. Nxg4 Bg7 29. Re7 Rf8 30. Rf1 Rf4 31. Nfe5 Rxf1+ 32. Kxf1 Rf8+ 33. Ke2 h5
34. Nd7 Rf7 35. Ngf6+ Kh8 36. Nxg8 Kxg8 37. Rxf7 Kxf7 38. Nb8 Ke6 39. Nc6 a6
40. b4 cxb4 41. Nxb4 a5 42. Na2 Bb2 43. Ke3 Kf5 44. c3 g5 45. Kf3 Ba3 46. Kg3
Bd6+ 47. Kf2 Bc5+ 48. Kg3 Be3 49. Kf3 Bd2 50. Ke2 Bf4 51. c4 g4 52. hxg4+ Kxg4
53. d4 h4 54. Kf2 Bd2 55. c5 bxc5 56. dxc5 Kf5 57. Ke2 Ke6 58. Kf3 Kd5 59. Kg4
Be1 60. Nc1 Bb4 1/2-1/2

[Event "6. Torneo Distrito Chamartin 2017"]
[Site "Madrid ESP"]
[Date "2017.09.05"]
[Round "2.10"]
[White "Marcos Herrero, Francisco"]
[Black "Delgado Alarcon, Jesus Francisco"]
[Result "0-1"]
[WhiteElo "1872"]
[BlackElo "2094"]
[PlyCount "60"]
[EventDate "2017.09.04"]
[EventType "swiss"]
[EventRounds "9"]
[EventCountry "ESP"]
[SourceTitle "Ajedrez en Madrid"]
[Source "lmi"]
[SourceDate "2017.09.04"]
[SourceVersion "1"]
[SourceVersionDate "2018.03.05"]
[SourceQuality "1"]

1. Nf3 d5 2. c4 c6 3. g3 f5 4. b3 Nf6 5. Bg2 e6 6. O-O Bb4 7. Bb2 O-O 8. d3
Nbd7 9. Nbd2 h6 10. Qc2 Re8 11. e4 Nf8 12. Rfd1 Ng6 13. e5 Nh7 14. d4 Rf8 15.
h4 Nh8 16. Nf1 Bd7 17. c5 Be8 18. a3 Ba5 19. b4 Bc7 20. Bc1 Bh5 21. a4 g5 22.
N1h2 Qe7 23. Rd3 Ng6 24. hxg5 hxg5 25. Rb3 a6 26. g4 fxg4 27. Nxg4 Nf4 28. Ngh2
Qf7 29. Ne1 Ne2+ 30. Kh1 Nxd4 0-1

[Event "6. Torneo Distrito Chamartin 2017"]
[Site "Madrid ESP"]
[Date "2017.09.05"]
[Round "2.11"]
[White "Fernandez Alvarez, Luis"]
[Black "Alonso Abad, Enrique"]
[Result "1-0"]
[WhiteElo "2088"]
[BlackElo "1923"]
[PlyCount "95"]
[EventDate "2017.09.04"]
[EventType "swiss"]
[EventRounds "9"]
[EventCountry "ESP"]
[SourceTitle "Ajedrez en Madrid"]
[Source "lmi"]
[SourceDate "2017.09.04"]
[SourceVersion "1"]
[SourceVersionDate "2018.03.05"]
[SourceQuality "1"]

1. e4 e6 2. d4 d5 3. Nc3 Nf6 4. Bg5 Be7 5. e5 Nfd7 6. Bxe7 Qxe7 7. Qg4 f6 8.
exf6 Nxf6 9. Qh4 Nc6 10. O-O-O Bd7 11. Nf3 O-O-O 12. Bb5 h6 13. Bxc6 Bxc6 14.
Ne5 g5 15. Qh3 g4 16. Qh4 Qg7 17. Rhe1 Rd6 18. Re3 Be8 19. h3 h5 20. Kb1 Ng8
21. hxg4 Nh6 22. Rh3 hxg4 23. Nxg4 Nf7 24. Qg3 Rxh3 25. gxh3 Qg6 26. Re1 Ng5
27. Ne5 Qf5 28. h4 Ne4 29. Nxe4 dxe4 30. Qe3 Bh5 31. Rg1 Rd8 32. Rg7 c5 33. c3
Bf3 34. a3 Qh3 35. Ka2 Qf1 36. h5 Bd1 37. Qxe4 Qb5 38. h6 Bb3+ 39. Ka1 cxd4 40.
c4 Bc2 41. Qg2 Qb3 42. f4 d3 43. Qd2 Qb6 44. h7 Bb3 45. Rg8 Bxc4 46. h8=Q Qb3
47. Rxd8+ Kc7 48. Rc8+ 1-0

[Event "6. Torneo Distrito Chamartin 2017"]
[Site "Madrid ESP"]
[Date "2017.09.05"]
[Round "2.12"]
[White "Camarero Izquierdo, Juan Carlos"]
[Black "Aziz Ortego, Omar Luis"]
[Result "1-0"]
[WhiteElo "1844"]
[BlackElo "2069"]
[PlyCount "118"]
[EventDate "2017.09.04"]
[EventType "swiss"]
[EventRounds "9"]
[EventCountry "ESP"]
[SourceTitle "Ajedrez en Madrid"]
[Source "lmi"]
[SourceDate "2017.09.04"]
[SourceVersion "1"]
[SourceVersionDate "2018.03.05"]
[SourceQuality "1"]

1. d4 f5 2. Nc3 Nf6 3. Bg5 d5 4. Bxf6 exf6 5. Qd3 c6 6. f3 f4 7. g3 Bd6 8. gxf4
Bxf4 9. e3 Qe7 10. Kd2 Bh6 11. Re1 b6 12. Nd1 O-O 13. Kc1 Re8 14. Kb1 f5 15. e4
fxe4 16. fxe4 dxe4 17. Qb3+ Be6 18. Bc4 Bxc4 19. Qxc4+ Qf7 20. Qc3 Nd7 21. Ne2
Rac8 22. Ng3 Nf6 23. Nf5 Bf4 24. Nde3 Nd5 25. Nxd5 cxd5 26. Qh3 Rf8 27. Ng3
Bxg3 28. hxg3 Qf5 29. g4 Qg6 30. Qb3 Rc4 31. Rh5 Qxg4 32. Rxd5 Qe2 33. Rc1 Rf1
34. Rd8+ Kf7 35. c3 Ke7 36. Rd5 Qd3+ 37. Qc2 Qxc2+ 38. Kxc2 Rxc1+ 39. Kxc1 Rc6
40. Kd2 Re6 41. Ke3 g6 42. Rg5 h5 43. d5 Rf6 44. Kxe4 Kf7 45. c4 Rf2 46. b4
Re2+ 47. Kd4 Rxa2 48. d6 Rd2+ 49. Ke4 Rc2 50. Kd5 h4 51. c5 h3 52. Rg3 h2 53.
Rh3 g5 54. c6 g4 55. Rh7+ Kf6 56. Rxh2 Rxh2 57. c7 Rc2 58. d7 Rxc7 59. d8=Q+
Re7 1-0

[Event "6. Torneo Distrito Chamartin 2017"]
[Site "Madrid ESP"]
[Date "2017.09.05"]
[Round "2.13"]
[White "Lopez de Turiso, Jose Angel"]
[Black "Fernandez Aransay, Fernando"]
[Result "1-0"]
[WhiteElo "2050"]
[BlackElo "1844"]
[PlyCount "81"]
[EventDate "2017.09.04"]
[EventType "swiss"]
[EventRounds "9"]
[EventCountry "ESP"]
[SourceTitle "Ajedrez en Madrid"]
[Source "lmi"]
[SourceDate "2017.09.04"]
[SourceVersion "1"]
[SourceVersionDate "2018.03.05"]
[SourceQuality "1"]

1. e4 c5 2. Nf3 d6 3. c3 Nf6 4. h3 Nc6 5. Bd3 g6 6. Bc2 Bg7 7. d4 O-O 8. d5 Ne5
9. Nxe5 dxe5 10. Qe2 Nh5 11. g3 Bd7 12. Kf1 f5 13. Kg2 f4 14. Nd2 fxg3 15. fxg3
Qb6 16. Nf3 Bb5 17. c4 Bd7 18. Bd3 Rf7 19. Be3 Raf8 20. Raf1 a6 21. Nh2 Qc7 22.
Rxf7 Rxf7 23. Nf3 Qc8 24. Qd1 b5 25. b3 Qc7 26. Qg1 Qa5 27. Qf2 Qc3 28. Qd2
Qxd2+ 29. Nxd2 bxc4 30. Bxc4 Bb5 31. Rf1 Nf6 32. a4 Bxc4 33. bxc4 Nd7 34. Rb1
Rf8 35. Rb7 Rd8 36. Nb3 Kf8 37. Nxc5 Nxc5 38. Bxc5 Bf6 39. Bb6 Re8 40. c5 Bg5
41. c6 1-0

[Event "6. Torneo Distrito Chamartin 2017"]
[Site "Madrid ESP"]
[Date "2017.09.05"]
[Round "2.14"]
[White "Yingrui, Lin"]
[Black "Calvo De Castro, Miguel"]
[Result "1-0"]
[WhiteElo "2031"]
[BlackElo "1836"]
[PlyCount "81"]
[EventDate "2017.09.04"]
[EventType "swiss"]
[EventRounds "9"]
[EventCountry "ESP"]
[SourceTitle "Ajedrez en Madrid"]
[Source "lmi"]
[SourceDate "2017.09.04"]
[SourceVersion "1"]
[SourceVersionDate "2018.03.05"]
[SourceQuality "1"]

1. d4 Nf6 2. c4 e6 3. Nf3 d5 4. Nc3 Be7 5. Bf4 a6 6. c5 O-O 7. e3 Nc6 8. Bd3 b6
9. Ne5 Nxe5 10. dxe5 Nd7 11. c6 Nc5 12. Bc2 a5 13. Nb5 Ba6 14. a4 Bxb5 15. axb5
f5 16. O-O Qe8 17. Kh1 g5 18. Bg3 Ne4 19. Bxe4 fxe4 20. f3 Qg6 21. Ra4 Bb4 22.
Be1 Bxe1 23. Qxe1 exf3 24. gxf3 Kh8 25. Qg3 Qd3 26. Re1 Rf5 27. Rg4 Qd2 28. f4
Raf8 29. Rg1 Qe2 30. Rxg5 Rxg5 31. Qxg5 Qf3+ 32. Qg2 Qxg2+ 33. Rxg2 Ra8 34. Rd2
a4 35. f5 exf5 36. Rxd5 Re8 37. Kg2 Kg8 38. Kf3 Kf7 39. Rd7+ Ke6 40. Rxc7 Kxe5
41. Rb7 1-0

[Event "6. Torneo Distrito Chamartin 2017"]
[Site "Madrid ESP"]
[Date "2017.09.05"]
[Round "2.17"]
[White "Alvarez Serrano, Carlos"]
[Black "Bellagamba, Pascal"]
[Result "1-0"]
[WhiteElo "2212"]
[BlackElo "1653"]
[PlyCount "93"]
[EventDate "2017.09.04"]
[EventType "swiss"]
[EventRounds "9"]
[EventCountry "ESP"]
[SourceTitle "Ajedrez en Madrid"]
[Source "lmi"]
[SourceDate "2017.09.04"]
[SourceVersion "1"]
[SourceVersionDate "2018.03.05"]
[SourceQuality "1"]

1. d4 Nf6 2. Nf3 g6 3. c4 Bg7 4. g3 c6 5. Bg2 O-O 6. O-O d5 7. cxd5 cxd5 8. Nc3
Nc6 9. Ne5 e6 10. Nxc6 bxc6 11. Na4 Nd7 12. Be3 Rb8 13. Rc1 Qc7 14. b3 Bb7 15.
Qd2 Rbc8 16. Rfd1 Qd6 17. Qa5 Qb8 18. Rc2 Bf6 19. Rdc1 Rfe8 20. Bh3 Bg7 21. Bf4
Qa8 22. Qd2 f5 23. e3 h6 24. Bg2 Bf8 25. h4 Kh7 26. Qd3 Ba3 27. Rb1 Be7 28. b4
g5 29. hxg5 hxg5 30. Be5 Nxe5 31. dxe5 Qb8 32. Qd4 Ba6 33. Nc5 Bxc5 34. Rxc5
Bc4 35. a4 a6 36. Bf1 Bxf1 37. Rxf1 Kg6 38. Rfc1 Qb7 39. Qc3 d4 40. exd4 Rh8
41. Rxc6 Rce8 42. Qf3 Qxb4 43. Qd5 Qd2 44. Rxe6+ Kh5 45. Qf3+ g4 46. Qxf5+ Qg5
47. Qf7+ 1-0

[Event "6. Torneo Distrito Chamartin 2017"]
[Site "Madrid ESP"]
[Date "2017.09.05"]
[Round "2.18"]
[White "Yaniz Lana, Francisco Javier"]
[Black "Vallejo Nuño, Jorge"]
[Result "1/2-1/2"]
[WhiteElo "1572"]
[BlackElo "2142"]
[PlyCount "38"]
[EventDate "2017.09.04"]
[EventType "swiss"]
[EventRounds "9"]
[EventCountry "ESP"]
[SourceTitle "Ajedrez en Madrid"]
[Source "lmi"]
[SourceDate "2017.09.04"]
[SourceVersion "1"]
[SourceVersionDate "2018.03.05"]
[SourceQuality "1"]

1. d4 g6 2. Nf3 Bg7 3. Bf4 d6 4. e3 Nd7 5. h3 e5 6. Bg5 Ne7 7. Nc3 f6 8. Bh4
Nf5 9. Bc4 Nxh4 10. Nxh4 f5 11. Nxf5 Bf6 12. Qf3 Nb6 13. Ng7+ Ke7 14. dxe5 dxe5
15. Rd1 Qf8 16. Nd5+ Nxd5 17. Qxd5 Qxg7 18. Qc5+ Ke8 19. Bb5+ c6 1/2-1/2

[Event "6. Torneo Distrito Chamartin 2017"]
[Site "Madrid ESP"]
[Date "2017.09.05"]
[Round "2.19"]
[White "Bustos Bernardo, Samuel"]
[Black "Gallego Romero, Manuel"]
[Result "1-0"]
[WhiteElo "2096"]
[BlackElo "1475"]
[PlyCount "57"]
[EventDate "2017.09.04"]
[EventType "swiss"]
[EventRounds "9"]
[EventCountry "ESP"]
[SourceTitle "Ajedrez en Madrid"]
[Source "lmi"]
[SourceDate "2017.09.04"]
[SourceVersion "1"]
[SourceVersionDate "2018.03.05"]
[SourceQuality "1"]

1. Nf3 Nf6 2. c4 c5 3. Nc3 Nc6 4. d4 cxd4 5. Nxd4 e5 6. Ndb5 d6 7. e4 a6 8. Na3
h6 9. Be2 Be7 10. O-O O-O 11. Nc2 Re8 12. Be3 Bf8 13. f3 Bd7 14. Qd2 Qb8 15.
Na4 Qd8 16. Nb6 Rb8 17. Rfd1 Qe7 18. c5 dxc5 19. Nxd7 Rbd8 20. Nxf6+ Qxf6 21.
Qc3 Nd4 22. Bf1 Qg6 23. Bf2 Ne6 24. Rxd8 Rxd8 25. Qxe5 Bd6 26. Qf5 Qxf5 27.
exf5 Nf4 28. g3 Nh3+ 29. Bxh3 1-0

[Event "6. Torneo Distrito Chamartin 2017"]
[Site "Madrid ESP"]
[Date "2017.09.05"]
[Round "2.20"]
[White "Picazo Sancho, Alvaro"]
[Black "Sanchez Lucena, Juan"]
[Result "1-0"]
[WhiteElo "1772"]
[BlackElo "1449"]
[PlyCount "111"]
[EventDate "2017.09.04"]
[EventType "swiss"]
[EventRounds "9"]
[EventCountry "ESP"]
[SourceTitle "Ajedrez en Madrid"]
[Source "lmi"]
[SourceDate "2017.09.04"]
[SourceVersion "1"]
[SourceVersionDate "2018.03.05"]
[SourceQuality "1"]

1. e4 e6 2. d4 d5 3. e5 Nc6 4. Nf3 Nge7 5. c3 h6 6. Be2 Ng6 7. Nbd2 Be7 8. Nf1
Nh4 9. Nxh4 Bxh4 10. g3 Bg5 11. f4 Be7 12. Ne3 b6 13. Bf3 Bb7 14. a4 a5 15. O-O
Qd7 16. Bd2 g6 17. Nc2 Ba6 18. Be2 Bxe2 19. Qxe2 h5 20. h4 Bf8 21. Qb5 Ne7 22.
Qxd7+ Kxd7 23. Ne3 Nf5 24. Nxf5 gxf5 25. Rf3 Be7 26. b4 Rhg8 27. Kh2 Rg4 28.
bxa5 Rxa5 29. c4 Ra8 30. cxd5 exd5 31. Rb3 Rag8 32. Be1 f6 33. Rb5 Ke6 34. Rc1
fxe5 35. dxe5 Bc5 36. a5 Ra8 37. Kg2 Rgg8 38. Ra1 Ra6 39. Rc1 Kd7 40. axb6 cxb6
41. Rcxc5 bxc5 42. Rxc5 Ke6 43. Rc7 Ra2+ 44. Kh3 Rd8 45. Rc6+ Kd7 46. Rf6 d4
47. Bb4 Kc8 48. e6 Re2 49. e7 Re8 50. Rxf5 d3 51. Rd5 Re3 52. f5 Rg8 53. Bd6
Rf3 54. Bf4 Rf1 55. f6 Rh1+ 56. Kg2 1-0

[Event "6. Torneo Distrito Chamartin 2017"]
[Site "Madrid ESP"]
[Date "2017.09.05"]
[Round "2.21"]
[White "Sanchez Rivero, Miguel"]
[Black "Lopez Garcia, Rafael"]
[Result "0-1"]
[WhiteElo "1716"]
[BlackElo "1392"]
[PlyCount "66"]
[EventDate "2017.09.04"]
[EventType "swiss"]
[EventRounds "9"]
[EventCountry "ESP"]
[SourceTitle "Ajedrez en Madrid"]
[Source "lmi"]
[SourceDate "2017.09.04"]
[SourceVersion "1"]
[SourceVersionDate "2018.03.05"]
[SourceQuality "1"]

1. e4 c5 2. Nf3 Nc6 3. Bb5 e5 4. Bxc6 bxc6 5. O-O d6 6. d3 g6 7. c4 Bg7 8. Qa4
Bd7 9. Nc3 Nf6 10. Ng5 O-O 11. f4 h6 12. Nf3 exf4 13. Bxf4 Ne8 14. Rab1 a5 15.
h3 Rb8 16. Qc2 Qc8 17. Kh2 Rb7 18. Qd2 Kh7 19. e5 dxe5 20. Nxe5 Bf5 21. g4 Be6
22. Na4 Re7 23. Rbe1 f6 24. Nf3 Rff7 25. Nxc5 Nc7 26. Qxa5 h5 27. Bxc7 hxg4 28.
Ng5+ fxg5 29. Rxf7 Rxf7 30. Nxe6 Rf2+ 31. Kg1 Rxb2 32. Nxg7 gxh3 33. Be5 Qg4+
0-1

[Event "6. Torneo Distrito Chamartin 2017"]
[Site "Madrid ESP"]
[Date "2017.09.05"]
[Round "2.22"]
[White "Gomez Gonzalez, Jose Antonio"]
[Black "Bermudez Valles, Juan Alejandro"]
[Result "1-0"]
[WhiteElo "1692"]
[BlackElo "1373"]
[PlyCount "115"]
[EventDate "2017.09.04"]
[EventType "swiss"]
[EventRounds "9"]
[EventCountry "ESP"]
[SourceTitle "Ajedrez en Madrid"]
[Source "lmi"]
[SourceDate "2017.09.04"]
[SourceVersion "1"]
[SourceVersionDate "2018.03.05"]
[SourceQuality "1"]

1. e4 e5 2. Nf3 Nc6 3. Bb5 a6 4. Ba4 Nf6 5. d3 h6 6. Nbd2 Bc5 7. O-O O-O 8.
Bxc6 bxc6 9. Nxe5 Bd4 10. Nef3 Ba7 11. e5 Nh7 12. d4 d5 13. c3 c5 14. Qc2 Ng5
15. Nxg5 Qxg5 16. Nb3 Qe7 17. Nxc5 Bxc5 18. dxc5 Qxe5 19. Be3 Bf5 20. Qd2 Qe4
21. Rfe1 Qd3 22. Qxd3 Bxd3 23. Rad1 Be4 24. f3 Bf5 25. Rxd5 Be6 26. Rd4 Bxa2
27. Ra1 Be6 28. c6 Rfe8 29. Kf2 Re7 30. Ra5 g5 31. h4 f6 32. b4 Bc8 33. hxg5
hxg5 34. Rd8+ Kf7 35. b5 Re8 36. Rxe8 Kxe8 37. c4 Ke7 38. c5 Ke6 39. b6 cxb6
40. cxb6 Rb8 41. b7 Bxb7 42. cxb7 Rxb7 43. Rxa6+ Kf5 44. Bd4 Rf7 45. g4+ Kg6
46. Kg3 Kg7 47. Ra7 Rxa7 48. Bxa7 Kg6 49. Kf2 f5 50. Ke3 fxg4 51. fxg4 Kf6 52.
Ke4 Kg6 53. Ke5 Kh6 54. Kf6 Kh7 55. Kxg5 Kg7 56. Bd4+ Kf7 57. Kh6 Kg8 58. g5
1-0

[Event "6. Torneo Distrito Chamartin 2017"]
[Site "Madrid ESP"]
[Date "2017.09.05"]
[Round "2.23"]
[White "Martinez Miura, Enrique"]
[Black "Centeno Mateos, Domingo"]
[Result "1-0"]
[WhiteElo "1684"]
[BlackElo "1349"]
[PlyCount "71"]
[EventDate "2017.09.04"]
[EventType "swiss"]
[EventRounds "9"]
[EventCountry "ESP"]
[SourceTitle "Ajedrez en Madrid"]
[Source "lmi"]
[SourceDate "2017.09.04"]
[SourceVersion "1"]
[SourceVersionDate "2018.03.05"]
[SourceQuality "1"]

1. e4 c5 2. Nc3 e6 3. Nf3 Nc6 4. d4 cxd4 5. Nxd4 Bc5 6. Be3 Bxd4 7. Bxd4 Nxd4
8. Qxd4 f6 9. Bc4 a6 10. Rd1 Ne7 11. O-O Nc6 12. Qd6 Qe7 13. a3 Qxd6 14. Rxd6
Ke7 15. Rfd1 b5 16. Be2 Rd8 17. f4 Ra7 18. Bf3 Na5 19. Be2 Nb7 20. Rb6 d6 21.
a4 b4 22. Rxb4 a5 23. Rb6 Nc5 24. Bf3 Rad7 25. Rb5 Ba6 26. Rxa5 Bb7 27. b4 Na6
28. Rb5 Rc8 29. Rd3 Nb8 30. Rb6 f5 31. exf5 Bxf3 32. Rxf3 exf5 33. Re3+ Kf7 34.
Rd3 Ke6 35. b5 Rc5 36. Rxb8 1-0